MDQL
is popping MORE tags! Check the
thread
!
Quizzes
Events
Quiz Creation
Community
Videos
Private Events
Remove Ads
Sign In
Join for FREE
Feedback
Dark Mode
Quiz Categories
Sports
Geography
Music
Movies
Television
Just For Fun
Miscellaneous
History
Literature
Language
Science
Gaming
Entertainment
Religion
Holiday
For Kids
Quiz Lab
Recent
Popular Today
Quiz Kudos Today
Editor Picks
Curator Picks
Quizzes by...
Day
Popularity
Type
Ratings
Length
Year
Community
Subscriptions
Recent Discussions
Orange Saloon
Badges
Playlists
Quests
Create
Leaderboards
Showdown
Live 5
Trivia Bingo
Activity
Puzzle Library
Sporcle Events
Private Events
Virtual Trivia
Globe League
Become a Host
Pub Owners
SporcleCon
Opinionation
Our Games
Videos
Blog
Mobile Apps
Partnerships
Remove Ads and Go Orange
Feedback
Science
Computer
Plants
Astronomy
Chemistry
Elements
Math
Animal
Physics
Anatomy
Biology
Geology
General Science
Science
Computer
Plants
Astronomy
Chemistry
Elements
Math
Animal
Physics
Anatomy
Biology
Geology
General Science
Random Quiz
Search Sporcle
×
Quiz Lab
Quiz Lab
Science
Math
Type in answers that appear in a list
Type in answers that appear in a list
Classic
Best Score? Go Orange.
Mathematical Functions (difficult!) Stats
Can you name the mathematical functions?
By
princeyy
6m
12 Questions
189 Plays
189 Plays
189 Plays
Comments
Comments
Give Quiz Kudos
Give Quiz Kudos
-
- Ratings
hide this ad
More Info
Replay
Link that replays current quiz
Next Quiz
Link to next quiz in quiz playlist
You Got
0%
They Got
Avg Score
39%
Avg Friend Score
Upgrade to see
Score Distribution
Jump to the score distribution portion of the page
Score
0/12
Timer
06:00
0
Plays Today
Hint
Function
% Correct
Function of form f(x)=ln(x)
logarithmic function
92.1%
Function of form f(x)=Ax^2 + Bx + C
quadratic function
88.9%
Function of form f(x)=x!
factorial function
86.8%
Function of form f(x)=1/
csc(x)
trigonometric function
80.4%
Extension of above function to complex domain
gamma function
33.3%
Function that analytically continues f(x)=[Sum from n=1 to infinity of 1/
n^x] to the complex domain
Riemann zeta Function
20.6%
Function f(x) defined as f(x)=0 for all x except for when f(x) is infinitely large at x=0 such that the total integral is 1
Dirac delta function
20.6%
Function f(x) defined as f(x)=0 for negative x and f(x)=1 for positive x. Integral of above function.
Heaviside step function
13.8%
Solutions to certain differential equation and used in studying electromagnetism; also known as cylinder function
Bessel function
12.7%
Function defined as f(x)=[Sum from n=0 to infinity of (A^n)*cos(B*n*Pi*x)] with A between 0 and 1 and B a positive odd integer. Function shows fractal behaviour.
Weierstrass function
9.5%
Logarithmic derivative of above function
digamma function
6.9%
Function that maps quadratic irrationals to rational numbers and rational numbers to dyadic rationals on the unit interval. First defined by a German, and has a symbol in its name.
Minkowski's question mark function
3.7%
Quiz Playlist
Details
Report
Send in Message
Add To Playlist
More Info:
Can you name the math function from the clues?
Classic:
Type in answers that appear in a list
Quiz Source
Last Updated: Feb 16, 2017
Quiz Scoreboard
CHALLENGE
Sign Up to Join the Scoreboard
Show All
Scores
Hide
Comments
May contain spoilers
Recently Published
5x2 Blitz: Bands
by SL_Kpop136
Music
30s
Colored Red Africa Blitz
by spor1
Geography
30s
Find the 'City' Movie
by crazypaving
Movies
60s
More to Explore
Quiz From the Vault
Featured Blog Post
14 Easter Pick-up Lines to Find Eggs With
hide this ad
You Might Also Like...
Tags
Math Quiz
function
Today's Top Quizzes in Science
Browse Science
hide this ad
Today's Top Quizzes in Math
Browse Math
Top Contributed Quizzes in Science
1
Windmill: Elements
2
Glycolysis
3
Square Numbers Scrambled (1-50)
4
17 TIMES TABLE
5
Elements In Images
6
Astronomy Spelling Bee
7
The First 100 Digits of Pi
8
3-letter Elementary Words
9
'C' Flowers II
10
Multiplication 12-19
Explore More
Trending Topics
Anime
Marvel
Harry Potter
Disney
Crossword
Kpop
NBA
Song
Country
WWE
The Office
Pokémon
NFL
Puzzle
Soccer
hide this ad
More By:
princeyy
Quiz
Plays
Rating
Category
Featured
Created
Elements Named After Places
699
4.20
Geography
Jun 18, 2010
Seven Islands of Mumbai (Bombay)
248
5.00
Geography
Jun 15, 2010
Largest City Connected by Airport
245
3.60
Geography
Jun 21, 2010
Mathematical Functions (difficult!)
189
3.50
Science
Jun 15, 2010
Controlled-access highways of Toronto
106
3.00
Geography
Jun 15, 2010
Go to Creator's Profile
Score Distribution
Quiz Creator Spotlight
princeyy
Follow
Send a Message
Quizzes Created
-
Created Quiz Play Count
-
More By This Creator
Popular Quizzes Today
1
Colored Red Africa Blitz
2
Find the 'City' Movie
3
Find the US States - No Outlines Minefield
4
5x2 Blitz: Bands
5
The Countries of the World
6
Find the US States
7
US States
8
Find the Countries of Europe - No Outlines Minefield
More Science Quizzes
Computer Science Definitions: Algorithms
Quiz Lab
Trending Quizzes
Colored Red Europe Blitz I
Colored Red Africa Blitz II
Colored Red Europe Blitz II
Colored Red Europe Blitz III
Colored Red Africa Blitz III
Recently Updated
How Do You Spell That?
pecheneg
Godzilla Movies
pecheneg
Grab Bag: 4-10 Letters
pecheneg
2024 March Madness Bracket
pecheneg
Famous TV Couples
Peacemaker
Champions League XIs: Real Madrid
pecheneg
Largest US Cities 1790-2010
pecheneg
Rides in Walt Disney World
pecheneg
Most Oscar Losses (Acting)
pecheneg
Beyoncé Albums
pecheneg
Trending Topics
Crossword
NBA
Anime
Harry Potter
Disney
Kpop
Marvel
WWE
Country
The Office
Song
Soccer
Pokémon
NFL
Puzzle
Your Account Isn't Verified!
In order to create a playlist on Sporcle, you need to verify the email address you used during registration. Go to your
Sporcle Settings
to finish the process.
Report this User
Report this user for behavior that violates our
Community Guidelines
.
Details:
Send Report
Go to the Sporcle.com Mobile Site →
Comments